000 01273naa a22003257a 4500
001 BR6009578
003 BR-BrBNA
005 20240918173041.0
007 ta
008 230509b bl.||||| |||| 00| 0 por d
040 _aBR-BrBNA
_bpor
_cBiblioteca Nacional de Agricultura
041 _a(Pt)
072 _aF25
_b3820
_b3820
_b3810
_b0230
_bG514
090 _aF25 BR6009578
100 1 _aStrauss, E.
111 1 _a3. Reuniao Brasileira de Ciencia do Solo
_cRecife, PE (Brazil)
_d17 Jul 1951
245 1 _aExperimentos de adubacao na zona canavieira de Pernambuco (Resultados obtidos nas safras 1947/48 a 1950/51)[Saccharum officinarum; Brasil]
260 3 _aRio de Janeiro, GB (Brasil):
_c1951.
500 _aAnais da 3. Reuniao Brasileira de Ciencia do Solo Rio de Janeiro, GB (Brasil): 1951. v. 1 p. 336-443 (BR6009578-AM)F25
650 _aFertilidade do solo
650 _aFertilizante nitrogenado
650 _aFertilizante fosfatado
650 _aFertilizante potassico
650 _aCana de acucar
650 _aAnalise do solo
650 _aPernambuco
773 0 _tAnais da 3. Reuniao Brasileira de Ciencia do Solo
_wF25 BR6009578
_gRio de Janeiro, GB (Brasil), 1951. v. 1 p. 336-443
909 _a202404
_bLucia
_c55
_dLucia Elande
942 _cAM
_2AGRIS
999 _c302660
_d302660